[Event "Open Loire"]
[Site "?"]
[Date "2001.03.24"]
[Round "2"]
[White "Bourgin, Christian"]
[Black "Treveys, Maxime"]
[Result "0-1"]
[WhiteElo "1199"]
[BlackElo "1360"]
[PlyCount "64"]
[EventDate "1996.??.??"]

1. e4 c5 2. c3 d6 3. Nf3 Nf6 4. Qc2 a6 5. d4 Nbd7 6. Qa4 Nxe4 7. Nfd2 Nxd2 8.
Bxd2 Qb6 9. b4 cxd4 10. Bb5 Qxb5 11. Qxb5 axb5 12. cxd4 Nb6 13. O-O Nc4 14. d5
g6 15. Rc1 Bg7 16. Bc3 Bxc3 17. Nxc3 Bd7 18. Re1 Ra3 19. Nb1 Rd3 20. a3 Rxd5
21. Ra2 Re5 22. Rxe5 Nxe5 23. Nc3 O-O 24. a4 Rc8 25. Ra1 Rxc3 26. g3 bxa4 27.
Rb1 b5 28. Re1 Be6 29. f4 Nf3+ 30. Kf1 Nxe1 31. Kxe1 a3 32. Kd2 Rb3 0-1

[Event "Open Loire"]
[Site "?"]
[Date "2001.03.24"]
[Round "2"]
[White "Reissier, Amandine"]
[Black "Bruyas, Benjamin"]
[Result "1-0"]
[WhiteElo "1310"]
[BlackElo "1110"]
[PlyCount "61"]
[EventDate "1996.??.??"]

1. d4 d5 2. Bf4 Nc6 3. e3 Nf6 4. Bd3 Bg4 5. Nf3 e6 6. h3 Bh5 7. Nbd2 Bb4 8. c3
Be7 9. Qc2 Qd7 10. O-O O-O-O 11. Rfe1 Rde8 12. b4 Bg6 13. Bxg6 fxg6 14. Qa4 a6
15. Nb3 Ne4 16. Rac1 g5 17. Be5 Bd6 18. Bxd6 cxd6 19. b5 Nb8 20. c4 Kd8 21.
Qa5+ Ke7 22. cxd5 exd5 23. Rc7 Rc8 24. Rxd7+ Nxd7 25. bxa6 bxa6 26. Qxa6 Ra8
27. Qd3 Rhe8 28. Nbd2 Kf8 29. a3 Nef6 30. h4 g4 31. Ng5 1-0

[Event "Open Loire"]
[Site "?"]
[Date "2001.03.24"]
[Round "2"]
[White "Veyrat, Gerard"]
[Black "Farge, Damien"]
[Result "1-0"]
[WhiteElo "1150"]
[BlackElo "1299"]
[PlyCount "65"]
[EventDate "1996.??.??"]

1. d4 d5 2. c4 Nf6 3. Nc3 e6 4. e3 Bb4 5. Bd2 O-O 6. Nf3 c5 7. Bd3 b6 8. O-O
Ba6 9. a3 Bxc3 10. Bxc3 dxc4 11. Bb1 Nc6 12. Qc2 Qd5 13. e4 Qxe4 14. Qa4 b5 15.
Qxa6 Qd5 16. Rd1 Ne4 17. Bxe4 Qxe4 18. Re1 Nb8 19. Qxb5 Qd3 20. Rad1 a6 21.
Qxc5 Nd7 22. Qc7 Qc2 23. Qxd7 Rab8 24. Qc6 Rxb2 25. Bxb2 Qxb2 26. Qxc4 Rb8 27.
Qxa6 Qa2 28. Rc1 g6 29. Qa7 Rb2 30. Rf1 Re2 31. Ng5 e5 32. dxe5 Rxe5 33. Qb8+
1-0

 *

[Event "Open Loire"]
[Site "?"]
[Date "2001.04.21"]
[Round "3"]
[White "Mujic, Saban"]
[Black "Vernay, Clovis"]
[Result "0-1"]
[WhiteElo "1810"]
[BlackElo "1590"]
[PlyCount "150"]
[EventDate "1996.??.??"]

1. d4 Nf6 2. Nf3 g6 3. c4 Bg7 4. Nc3 d6 5. e4 O-O 6. Bd3 Nbd7 7. O-O e5 8. d5
h6 9. Be3 Ng4 10. Qd2 Kh7 11. h3 Nxe3 12. fxe3 Nc5 13. Bc2 a5 14. a3 a4 15.
Rab1 Bd7 16. Ne1 Qg5 17. Nf3 Qe7 18. Qf2 h5 19. Rbd1 Bh6 20. Kh2 b6 21. Rde1
Nb7 22. Nd2 Nc5 23. Qf6 Qxf6 24. Rxf6 Kg7 25. Rf3 Rab8 26. Kh1 f5 27. exf5 Bxf5
28. Bxf5 Rxf5 29. Rxf5 gxf5 30. Re2 Ra8 31. Nb5 Rc8 32. g3 Kf6 33. Kg2 Ke7 34.
Nf3 Kd7 35. Nh4 Rf8 36. Nf3 Nd3 37. h4 Nc1 38. Re1 Nd3 39. Re2 Rg8 40. Kh2 Rg4
41. Nd2 Nxb2 42. Nc3 Nxc4 43. Nb5 Nxe3 44. Kh3 Nxd5 45. Nf3 f4 46. Rg2 fxg3 47.
Rxg3 Nf4+ 48. Kh2 Rxg3 49. Kxg3 c6 50. Nc3 Nd5 51. Ne2 b5 52. Ne1 c5 53. Kf3
Nf6 54. Nc2 Kc6 55. Ng3 d5 56. Nf5 e4+ 57. Ke2 Bf8 58. Kd2 Bd6 59. Ke3 Ng4+ 60.
Ke2 d4 61. Ne1 Kd5 62. Ng7 c4 63. Nxh5 d3+ 64. Kd2 Bxa3 65. Nf4+ Ke5 66. Neg2
e3+ 67. Kc3 d2 68. Kc2 Nf2 69. Ng6+ Kd4 70. Nxe3 Kxe3 71. Kc3 d1=N+ 72. Kc2 b4
73. h5 b3+ 74. Kb1 c3 75. Ne5 c2+ 0-1

[Event "Open Loire"]
[Site "?"]
[Date "2001.04.21"]
[Round "3"]
[White "Campoy, Jean"]
[Black "Bastien, Daniel"]
[Result "0-1"]
[WhiteElo "1580"]
[BlackElo "1650"]
[PlyCount "92"]
[EventDate "1996.??.??"]

1. e4 e6 2. Nc3 g6 3. Nf3 Bg7 4. d3 Nf6 5. Be2 O-O 6. O-O d6 7. Rb1 c6 8. Bd2
e5 9. a3 Bg4 10. Ne1 Bxe2 11. Nxe2 Na6 12. Ng3 Nc7 13. Nf3 Ne6 14. c3 c5 15.
Ng5 Qd7 16. Nxe6 Qxe6 17. f4 exf4 18. Bxf4 Nd7 19. Qd2 Ne5 20. Bxe5 Bxe5 21.
Rf3 Bxg3 22. Rxg3 Rae8 23. Rf1 f5 24. exf5 Rxf5 25. Rxf5 Qxf5 26. Rf3 Qe5 27.
Kf2 Qxh2 28. Qf4 Qxf4 29. Rxf4 Re6 30. Kf3 Kg7 31. Re4 Kf7 32. d4 Rxe4 33. Kxe4
cxd4 34. Kxd4 Ke6 35. b4 h5 36. a4 g5 37. c4 h4 38. Ke4 g4 39. Kf4 h3 40. gxh3
gxh3 41. Kg3 Ke5 42. Kxh3 Kd4 43. c5 dxc5 44. bxc5 Kxc5 45. a5 Kb5 46. a6 Kxa6
0-1

[Event "Open Loire"]
[Site "?"]
[Date "2001.04.21"]
[Round "3"]
[White "Valjan, Berislav"]
[Black "Chabas, Jean-Luc"]
[Result "1-0"]
[WhiteElo "1580"]
[BlackElo "1640"]
[PlyCount "107"]
[EventDate "1996.??.??"]

1. d4 d5 2. Bf4 e6 3. a3 Nf6 4. e3 Bd6 5. Bg5 O-O 6. Bd3 Nbd7 7. Nf3 c5 8. dxc5
Nxc5 9. b4 Nxd3+ 10. cxd3 Bd7 11. O-O a5 12. bxa5 Rxa5 13. d4 Bb5 14. Re1 Bb4
15. Nfd2 Ba4 16. Qc1 Bd6 17. Qc3 Ra6 18. Qd3 Bd7 19. Nb3 Rc6 20. N1d2 Qb6 21.
Bxf6 gxf6 22. a4 Rfc8 23. a5 Qb4 24. a6 bxa6 25. Rxa6 Rc3 26. Qb1 Qb5 27. Rxd6
Qb7 28. Rxd7 Qxd7 29. Nc5 Qa7 30. Qb7 Qxb7 31. Nxb7 Rc2 32. Nf1 Rb8 33. Nc5
Rbb2 34. Nd3 Ra2 35. Nb4 Rxf2 36. Nxa2 Rxa2 37. h3 Kg7 38. Kh2 Kg6 39. Kg3 Kg5
40. Kf3 Kf5 41. h4 Ra3 42. g4+ Kg6 43. Ng3 Rb3 44. Ne2 Kg7 45. Nf4 Rb2 46. Rh1
Rb3 47. h5 Ra3 48. h6+ Kf8 49. Nh5 Ke7 50. Rh3 Rb3 51. Kf4 Rc3 52. g5 f5 53.
Nf6 Ra3 54. Nxh7 1-0

[Event "Open Loire"]
[Site "?"]
[Date "2001.04.21"]
[Round "3"]
[White "Simon, Joel"]
[Black "Reissier, Aymeric"]
[Result "1-0"]
[WhiteElo "1650"]
[BlackElo "1360"]
[PlyCount "131"]
[EventDate "1996.??.??"]

1. d4 d5 2. e4 e6 3. Nc3 c5 4. Be3 Nd7 5. exd5 exd5 6. Nxd5 Ngf6 7. Bg5 h6 8.
Bxf6 Nxf6 9. Bb5+ Bd7 10. Qe2+ Be7 11. Nxf6+ gxf6 12. Bc4 cxd4 13. Qh5 Rh7 14.
O-O-O Qc8 15. Rxd4 Qc5 16. Qh4 f5 17. Rd5 Qxd5 18. Qxe7+ Kxe7 19. Bxd5 Bc6 20.
Bxc6 bxc6 21. Nf3 Rc8 22. Nd4 Kf6 23. Re1 c5 24. Nb5 a6 25. Nd6 Rg8 26. g3 Rhh8
27. Re3 f4 28. Rf3 Ke5 29. Nxf7+ Ke4 30. Rxf4+ Kd5 31. Nxh8 Rxh8 32. Rf6 a5 33.
Kd2 h5 34. h4 Rb8 35. b3 Rd8 36. Kc3 Re8 37. Rf5+ Kc6 38. Rxh5 Re2 39. Rf5 Re8
40. h5 Rh8 41. g4 Kd6 42. f3 Ke6 43. Kc4 Rh7 44. a4 Kd6 45. Rxc5 Rf7 46. Rf5
Rc7+ 47. Kd3 Rd7 48. Rxa5 Ke6+ 49. Kc3 Rc7+ 50. Kb2 Kf6 51. Ra6+ Kf7 52. h6 Kg8
53. Rf6 Re7 54. g5 Kh7 55. f4 Re4 56. Rf7+ Kg8 57. g6 Re8 58. f5 Kh8 59. g7+
Kg8 60. Rf8+ Rxf8 61. gxf8=Q+ Kxf8 62. f6 Kf7 63. h7 Kxf6 64. h8=Q+ Ke6 65. Kc3
Kd5 66. a5 1-0

[Event "Open Loire"]
[Site "?"]
[Date "2001.04.21"]
[Round "3"]
[White "Trevy, Nelly"]
[Black "Bournez, Gerard"]
[Result "1-0"]
[WhiteElo "1600"]
[BlackElo "1470"]
[PlyCount "109"]
[EventDate "1996.??.??"]

1. e4 c5 2. Nf3 Nc6 3. d4 cxd4 4. Nxd4 e5 5. Nf3 Nf6 6. Bg5 Be7 7. Nc3 d6 8.
Bb5 O-O 9. O-O h6 10. Bh4 a6 11. Bc4 Be6 12. Qe2 Bxc4 13. Qxc4 Rc8 14. Rad1 Nd4
15. Qd3 Nxf3+ 16. Qxf3 Rc6 17. Rd2 Nh7 18. Bg3 Ng5 19. Qe2 Bf6 20. Nd5 Ne6 21.
c4 Nd4 22. Qd3 b6 23. f4 exf4 24. Nxf6+ Qxf6 25. Rxf4 Qe6 26. Qxd4 Qxc4 27.
Qxc4 Rxc4 28. Rxd6 Rb4 29. Rd2 Re8 30. e5 Rxf4 31. Bxf4 Re6 32. Rd8+ Kh7 33.
Rd6 Kg6 34. Kf2 h5 35. Ke3 Kf5 36. Rxe6 Kxe6 37. Ke4 g6 38. Be3 b5 39. Kd4 Kd7
40. Kd5 a5 41. b3 a4 42. b4 Kc7 43. Kc5 Kd7 44. Kxb5 Ke6 45. Kxa4 Kxe5 46. b5
Kd6 47. b6 Kc6 48. Ka5 Kb7 49. a4 f6 50. Kb5 g5 51. a5 g4 52. a6+ Kb8 53. Kc6
h4 54. a7+ Ka8 55. b7# 1-0

[Event "Open Loire"]
[Site "?"]
[Date "2001.04.21"]
[Round "3"]
[White "Pareux, Marc"]
[Black "Conesa, Antoine"]
[Result "1-0"]
[WhiteElo "1530"]
[BlackElo "1420"]
[PlyCount "46"]
[EventDate "1996.??.??"]

1. d4 e6 2. e4 d5 3. Be3 a6 4. Nd2 Nc6 5. c3 h6 6. e5 Nge7 7. f4 Nf5 8. Bf2 b5
9. Bd3 Nh4 10. Qg4 Nf5 11. Ne2 b4 12. O-O Be7 13. Bxf5 exf5 14. Qxg7 Rf8 15.
Qxh6 Bd7 16. Ng3 Be6 17. Nxf5 Kd7 18. Nxe7 Nxe7 19. Bh4 Rh8 20. Qf6 Nf5 21.
Qxd8+ Raxd8 22. Bxd8 Kxd8 23. cxb4 Rg8 1-0

[Event "Open Loire"]
[Site "?"]
[Date "2001.04.21"]
[Round "3"]
[White "Barthelemy, Jerome"]
[Black "Gidon, Rene"]
[Result "0-1"]
[WhiteElo "1360"]
[BlackElo "1520"]
[PlyCount "86"]
[EventDate "1996.??.??"]

1. c4 e5 2. Nc3 Nf6 3. Nf3 Nc6 4. g3 Bc5 5. Bg2 d6 6. a3 a5 7. O-O O-O 8. e3 e4
9. Ng5 Re8 10. Ngxe4 Nxe4 11. Nxe4 Bb6 12. d4 Bf5 13. Nc3 Rb8 14. Nd5 Ba7 15.
b4 Be4 16. Bxe4 Rxe4 17. Qf3 Re6 18. Bb2 Ne7 19. Nxe7+ Qxe7 20. c5 c6 21. cxd6
Qxd6 22. e4 axb4 23. axb4 Qxb4 24. Bc3 Qb6 25. Rfb1 Rf6 26. Qe3 Qc7 27. Rxa7 h6
28. f4 Re6 29. d5 cxd5 30. Be5 Rxe5 31. fxe5 dxe4 32. Qb6 Qxe5 33. Rxb7 Rxb7
34. Qxb7 Qd4+ 35. Kg2 e3 36. Qf3 Qd2+ 37. Kf1 Qd3+ 38. Kg2 Qxb1 39. Qxe3 Qc2+
40. Kh3 Qf5+ 41. Kg2 g5 42. h3 h5 43. Qe2 Qh7 0-1

[Event "Open Loire"]
[Site "?"]
[Date "2001.04.21"]
[Round "3"]
[White "Bazoux, Sebastien"]
[Black "Rengame, Mohane"]
[Result "1/2-1/2"]
[WhiteElo "1499"]
[BlackElo "1400"]
[PlyCount "80"]
[EventDate "1996.??.??"]

1. d4 e6 2. Nf3 d5 3. Bf4 Nc6 4. h3 a6 5. e3 Bd6 6. Bxd6 Qxd6 7. c4 Qb4+ 8. Qd2
Nge7 9. a3 Qxd2+ 10. Nbxd2 O-O 11. Bd3 g6 12. b4 Bd7 13. O-O dxc4 14. Nxc4 b5
15. Nce5 Nxe5 16. Nxe5 Bc8 17. Rac1 Ra7 18. Nc6 Nxc6 19. Rxc6 Bd7 20. Rc5 Rb8
21. Rfc1 Rc8 22. Be4 f5 23. Bc6 Bxc6 24. Rxc6 Kf7 25. Kf1 h5 26. f4 a5 27. bxa5
Rxa5 28. Rxc7+ Rxc7 29. Rxc7+ Kf6 30. Rc3 Ra7 31. h4 Ke7 32. Ke2 Kd6 33. Rc5
Rb7 34. g3 b4 35. axb4 Rxb4 36. Rc8 Ke7 37. Rc7+ Kf6 38. Rd7 Rb2+ 39. Kf3 Rb5
40. Rd6 Rd5 1/2-1/2

[Event "Open Loire"]
[Site "?"]
[Date "2001.04.21"]
[Round "3"]
[White "Raymond, Andre"]
[Black "Reissier, Amandine"]
[Result "1/2-1/2"]
[WhiteElo "1490"]
[BlackElo "1310"]
[PlyCount "68"]
[EventDate "1996.??.??"]

1. e4 e6 2. d4 d5 3. e5 c5 4. Bb5+ Bd7 5. Bxd7+ Nxd7 6. c3 Qb6 7. Nf3 Ne7 8.
O-O Nc6 9. b3 Be7 10. Be3 O-O 11. Nbd2 Qa5 12. c4 Qc3 13. Rc1 Qb2 14. cxd5 exd5
15. dxc5 Qxa2 16. Ra1 Qb2 17. Qc1 Qxc1 18. Rfxc1 Ndxe5 19. Nxe5 Nxe5 20. Rc3
Rfc8 21. b4 b6 22. Re1 Nc6 23. cxb6 axb6 24. b5 d4 25. Bxd4 Nxd4 26. Rxc8+ Rxc8
27. Rxe7 Nxb5 28. g3 g6 29. Rb7 Rc6 30. Nf3 Nc3 31. Ne5 Rf6 32. Nd7 Rd6 33.
Nxb6 f5 34. Nc4 Rd4 1/2-1/2

[Event "Open Loire"]
[Site "?"]
[Date "2001.04.21"]
[Round "3"]
[White "Vinot, Raoul"]
[Black "Gerey, Jean-Pierre"]
[Result "1-0"]
[WhiteElo "1470"]
[BlackElo "1280"]
[PlyCount "57"]
[EventDate "1996.??.??"]

1. d4 d5 2. c4 c6 3. Nc3 Nf6 4. Bg5 e6 5. Nf3 Be7 6. e3 O-O 7. Bd3 Ne4 8. Bxe7
Qxe7 9. Nxe4 dxe4 10. Bxe4 Qb4+ 11. Qd2 Qxc4 12. b3 Qa6 13. Bd3 b5 14. O-O Nd7
15. a4 Qb7 16. axb5 cxb5 17. Qc2 Nf6 18. Ng5 g6 19. Ne4 Nd5 20. Nc5 Nb4 21. Qd2
Qd5 22. Be4 Qg5 23. Bxa8 Nd5 24. Rxa7 Ne7 25. Ne4 Qf5 26. Rxe7 Rd8 27. Qa5 Rf8
28. Nd6 Bd7 29. Nxf5 1-0

[Event "Open Loire"]
[Site "?"]
[Date "2001.04.21"]
[Round "3"]
[White "Treveys, Maxime"]
[Black "Brachet, Gerard"]
[Result "1-0"]
[WhiteElo "1360"]
[BlackElo "1450"]
[PlyCount "73"]
[EventDate "1996.??.??"]

1. d4 d5 2. c4 e6 3. cxd5 exd5 4. Nf3 Nf6 5. Nc3 Bd6 6. a3 c5 7. dxc5 Bxc5 8.
e3 a6 9. Be2 Nc6 10. b4 Bb6 11. Na4 Ba7 12. Bb2 Be6 13. Rc1 Rc8 14. Nc5 Bxc5
15. Rxc5 b6 16. Rc2 O-O 17. Bxa6 Nxb4 18. axb4 Rxc2 19. Qxc2 Qe7 20. b5 Ne4 21.
O-O Ng5 22. Nd4 f5 23. Nc6 Qd7 24. Ba3 Rf7 25. Ne5 Qc7 26. Qxc7 Rxc7 27. Rc1
Rxc1+ 28. Bxc1 Ne4 29. f3 Nc5 30. Ba3 Nxa6 31. bxa6 Bc8 32. a7 Bb7 33. Nd7 b5
34. Nc5 Bc6 35. Nb3 Kf7 36. Nd4 Bb7 37. Nxf5 1-0

[Event "Open Loire"]
[Site "?"]
[Date "2001.04.21"]
[Round "3"]
[White "Gerey, Bernard"]
[Black "Veyrat, Gerard"]
[Result "1-0"]
[WhiteElo "1240"]
[BlackElo "1150"]
[PlyCount "51"]
[EventDate "1996.??.??"]

1. e4 e5 2. Nf3 Nc6 3. c3 Nf6 4. d4 Bd6 5. Bg5 h6 6. Bh4 exd4 7. cxd4 g5 8. e5
Bb4+ 9. Nc3 Ne4 10. Nd2 Nxc3 11. bxc3 Bxc3 12. Rc1 Bxd4 13. Bg3 Nxe5 14. Bxe5
Bxe5 15. Qe2 d6 16. Nf3 f6 17. Qe4 Rg8 18. Bd3 Be6 19. Qh7 f5 20. Bc4 Bxc4 21.
Rxc4 Qd7 22. Qxg8+ Ke7 23. Qxa8 Qb5 24. Rxc7+ Ke6 25. Qg8+ Kf6 26. Qf7# 1-0

[Event "Open Loire"]
[Site "?"]
[Date "2001.04.21"]
[Round "3"]
[White "Valet, Godeffroy"]
[Black "Soler, Gerald"]
[Result "1-0"]
[WhiteElo "1420"]
[BlackElo "1499"]
[PlyCount "45"]
[EventDate "1996.??.??"]

1. e4 e5 2. f4 Nc6 3. Nf3 exf4 4. d4 d6 5. Bc4 Bg4 6. Bxf4 Qd7 7. O-O O-O-O 8.
Bb5 Nf6 9. Nc3 Nh5 10. Be3 h6 11. d5 a6 12. dxc6 bxc6 13. Bxa6+ Kb8 14. b4 Qe7
15. b5 Bc8 16. Rb1 Bxa6 17. bxa6+ Kc8 18. a7 Kd7 19. Rb8 Rxb8 20. axb8=Q Qf6
21. e5 Qe6 22. Qb7 g5 23. Bb6 1-0

[Event "Open Loire"]
[Site "?"]
[Date "2001.04.21"]
[Round "3"]
[White "Farge, Damien"]
[Black "Mialon, Franck"]
[Result "0-1"]
[WhiteElo "1299"]
[BlackElo "1250"]
[PlyCount "58"]
[EventDate "1996.??.??"]

1. e4 e5 2. Nf3 Nc6 3. Nc3 Bc5 4. Bc4 Nd4 5. O-O d5 6. Bxd5 Bg4 7. Bxb7 Rb8 8.
Ba6 Nxf3+ 9. gxf3 Bh5 10. Bb5+ Rxb5 11. Nxb5 Qh4 12. Nxc7+ Kd7 13. Nb5 Qh3 14.
d4 Bxf3 15. dxc5+ Kc6 16. Nxa7+ Kb7 17. c6+ Kxa7 18. Qxf3 Qxf3 19. Be3+ Kb8 20.
Bb6 Nf6 21. c7+ Kb7 22. Ba5 h5 23. Bc3 h4 24. h3 Qxh3 25. Bxe5 Qg4+ 26. Kh2
Qxe4 27. f3 Qe2+ 28. Kh3 Qxe5 29. Rad1 Qg3# 0-1

[Event "Open Loire"]
[Site "?"]
[Date "2001.04.21"]
[Round "3"]
[White "Trottet, Francois"]
[Black "Bourgin, Christian"]
[Result "0-1"]
[WhiteElo "1270"]
[BlackElo "1199"]
[PlyCount "78"]
[EventDate "1996.??.??"]

1. e4 c5 2. Nf3 d6 3. c3 Nf6 4. Qc2 Nc6 5. d4 e6 6. Bg5 Be7 7. Be2 Nh5 8. Bxe7
Qxe7 9. Qc1 Qf6 10. Qg5 Qxg5 11. Nxg5 Nf4 12. Bf3 Nd3+ 13. Kf1 Nxb2 14. d5 exd5
15. exd5 Ne5 16. Nd2 Nxf3 17. Ngxf3 O-O 18. Re1 Nd3 19. Re7 Nf4 20. Ne4 Nxd5
21. Nf6+ gxf6 22. Re4 Nxc3 23. Rc4 Nxa2 24. Nd2 Re8 25. f3 Bf5 26. Kf2 Bd3 27.
Rg4+ Kh8 28. Ne4 Bxe4 29. fxe4 c4 30. Ra1 Nc3 31. Ke3 d5 32. Kd4 dxe4 33. Kxc3
Rad8 34. Kxc4 e3 35. Re1 e2 36. Rf4 Rd1 37. Rxe2 Rxe2 38. Rxf6 Re4+ 39. Kc5 b6+
0-1

[Event "Open Loire"]
[Site "?"]
[Date "2001.04.21"]
[Round "4"]
[White "Bastien, Daniel"]
[Black "Valjan, Berislav"]
[Result "0-1"]
[WhiteElo "1650"]
[BlackElo "1580"]
[PlyCount "58"]
[EventDate "1996.??.??"]

1. c4 c5 2. Nc3 Nc6 3. Nf3 d6 4. g3 h6 5. Bg2 Nf6 6. O-O a6 7. a3 g6 8. Rb1 a5
9. d3 Bg7 10. Bd2 Bd7 11. Na2 O-O 12. Qc2 Bg4 13. Rfe1 Bxf3 14. exf3 e6 15. Be3
Nd7 16. b4 Nd4 17. Bxd4 Bxd4 18. bxa5 Rxa5 19. Rxb7 Rxa3 20. Reb1 Qa5 21. Nc1
Qe1+ 22. Bf1 Ne5 23. Qe2 Qc3 24. Nb3 Rfa8 25. Nxd4 Qxd4 26. Bg2 Rxd3 27. Rb8+
Rxb8 28. Rxb8+ Kg7 29. Qa2 Rd2 0-1

[Event "Open Loire"]
[Site "?"]
[Date "2001.04.21"]
[Round "4"]
[White "Vernay, Clovis"]
[Black "Simon, Joel"]
[Result "1-0"]
[WhiteElo "1590"]
[BlackElo "1650"]
[PlyCount "181"]
[EventDate "1996.??.??"]

1. d4 d6 2. c4 Nf6 3. Nc3 g6 4. Nf3 Bg7 5. g3 O-O 6. Bg2 c6 7. O-O Bf5 8. Re1
Na6 9. e4 Bg4 10. b3 Re8 11. Bb2 d5 12. h3 Bxf3 13. Bxf3 Nc7 14. e5 Nd7 15.
cxd5 cxd5 16. Nxd5 Rb8 17. Nxc7 Qxc7 18. Rc1 Qa5 19. Qc2 Nb6 20. Qc3 Qb5 21.
Qc5 Qd7 22. Bg4 e6 23. Qa5 Nd5 24. a3 b6 25. Qd2 Rbc8 26. Bf3 Qb5 27. b4 Red8
28. Rxc8 Rxc8 29. Rc1 Rxc1+ 30. Bxc1 Qc4 31. Be2 Qc7 32. Bb2 Ne7 33. Kg2 Qd8
34. g4 Bxe5 35. f4 Bg7 36. Bf3 Qd6 37. Qe3 Nd5 38. Bxd5 Qxd5+ 39. Kg3 Qa2 40.
Qc3 h6 41. h4 Qb1 42. Bc1 Qe4 43. Be3 h5 44. g5 Qf5 45. Qe1 Qe4 46. Qf2 Qd3 47.
Kg2 Qxa3 48. Qd2 Qb3 49. Kf2 a5 50. bxa5 bxa5 51. Qxa5 Qc2+ 52. Kg3 Qe2 53. Qd2
Qb5 54. Qe1 Qc4 55. Qd2 Qd5 56. Qc3 Qf5 57. Kh2 Qg4 58. Qe1 Qf3 59. Qf2 Qe4 60.
Qd2 Qf3 61. Qf2 Qe4 62. Qg3 Qd3 63. Kg2 Qe4+ 64. Kf1 Qb1+ 65. Ke2 Qc2+ 66. Kf3
Qd3 67. Kg2 Qe4+ 68. Kh2 Qd3 69. Kg1 Qd1+ 70. Kh2 Qd3 71. Qg1 Qe2+ 72. Qf2 Qd3
73. Kg2 Qe4+ 74. Qf3 Qc2+ 75. Kg3 Qb1 76. Qa8+ Kh7 77. Qa7 Qe4 78. Kf2 Qc2+ 79.
Kf3 Qd1+ 80. Kf2 Qc2+ 81. Kg3 Qe2 82. d5 Qg4+ 83. Kf2 Qxh4+ 84. Ke2 Qg4+ 85.
Kd2 Qf5 86. dxe6 Qxe6 87. Qb7 Qc4 88. Ke1 Qa2 89. Bc1 Qe6+ 90. Kd1 Qb3+ 91.
Qxb3 1-0

[Event "Open Loire"]
[Site "?"]
[Date "2001.04.21"]
[Round "4"]
[White "Mujic, Saban"]
[Black "Trevy, Nelly"]
[Result "1/2-1/2"]
[WhiteElo "1810"]
[BlackElo "1600"]
[PlyCount "143"]
[EventDate "1996.??.??"]

1. d4 d5 2. c4 e6 3. Nf3 c6 4. e3 Nf6 5. Nc3 Nbd7 6. Bd3 dxc4 7. Bxc4 Bd6 8.
O-O O-O 9. Bd3 Re8 10. Re1 Qe7 11. h3 e5 12. dxe5 Nxe5 13. Nxe5 Bxe5 14. Qc2
Be6 15. Ne4 Nxe4 16. Bxe4 h6 17. Bd2 Rad8 18. Bc3 Bd5 19. Bxd5 Rxd5 20. Rad1
Red8 21. Rxd5 Rxd5 22. Bxe5 Qxe5 23. b3 Qh5 24. Qe4 Rg5 25. Kf1 Ra5 26. a4 Qd5
27. Qb4 Qd3+ 28. Kg1 b6 29. Rc1 Rf5 30. Qc3 Qxc3 31. Rxc3 c5 32. Kf1 Kf8 33.
Ke2 Ke7 34. e4 Re5 35. Kd3 f5 36. exf5 Rxf5 37. f3 h5 38. Ke4 Ke6 39. g4 hxg4
40. hxg4 Re5+ 41. Kd3 a6 42. f4 Rd5+ 43. Ke4 Rd4+ 44. Ke3 Kf6 45. Kf3 g5 46. f5
Rf4+ 47. Kg3 Rf1 48. Re3 Rg1+ 49. Kf3 Rf1+ 50. Kg2 Rf4 51. Re6+ Kf7 52. Kg3 Rb4
53. Re3 b5 54. axb5 axb5 55. Rc3 c4 56. bxc4 bxc4 57. Kf2 Kf6 58. Ke3 Ke5 59.
Kd2 Kf4 60. f6 Kxg4 61. f7 Rb8 62. Rxc4+ Kf3 63. Rc7 Rf8 64. Ke1 Kf4 65. Kf2
Kf5 66. Kf3 Kf6 67. Kg4 Rxf7 68. Rc6+ Ke5 69. Rc5+ Kf6 70. Rf5+ Ke7 71. Rxg5
Ke6 72. Rg6+ 1/2-1/2

[Event "Open Loire"]
[Site "?"]
[Date "2001.04.21"]
[Round "4"]
[White "Chabas, Jean-Luc"]
[Black "Vinot, Raoul"]
[Result "1-0"]
[WhiteElo "1640"]
[BlackElo "1470"]
[PlyCount "73"]
[EventDate "1996.??.??"]

1. e4 e5 2. Nf3 Nf6 3. Nxe5 d6 4. Nf3 Nxe4 5. d3 Nf6 6. Be2 Bg4 7. O-O Be7 8.
d4 O-O 9. d5 Ne4 10. c4 Nd7 11. Nbd2 Ng5 12. Nxg5 Bxe2 13. Qxe2 Bxg5 14. Nf3
Bxc1 15. Raxc1 Re8 16. Qc2 Nf6 17. Rfe1 Qd7 18. h3 Rac8 19. b3 b5 20. Nd4 a6
21. Qf5 Rxe1+ 22. Rxe1 Qxf5 23. Nxf5 bxc4 24. Ne7+ Kf8 25. Nxc8 c3 26. Ne7 c2
27. Nf5 Nxd5 28. Rc1 Nb4 29. a3 Nd5 30. Rxc2 g6 31. Nd4 c5 32. Nc6 Nc7 33. Rd2
d5 34. Kf1 Ke8 35. Ke2 f6 36. Na5 d4 37. Nb7 1-0

[Event "Open Loire"]
[Site "?"]
[Date "2001.04.21"]
[Round "4"]
[White "Gidon, Rene"]
[Black "Campoy, Jean"]
[Result "1-0"]
[WhiteElo "1520"]
[BlackElo "1580"]
[PlyCount "43"]
[EventDate "1996.??.??"]

1. e4 e5 2. Nf3 Nc6 3. Bb5 d6 4. d4 exd4 5. Nxd4 Bd7 6. O-O Nf6 7. Bg5 Be7 8.
Nc3 O-O 9. Re1 Bg4 10. f3 Bd7 11. Qd2 Ne5 12. Bxd7 Qxd7 13. b3 a6 14. Nf5 Ng6
15. Rad1 Ne5 16. Nd5 Bd8 17. Nxf6+ Bxf6 18. Bxf6 gxf6 19. Qh6 Qxf5 20. exf5
Rae8 21. Re4 Nd7 22. Rh4 1-0

[Event "Open Loire"]
[Site "?"]
[Date "2001.04.21"]
[Round "4"]
[White "Treveys, Maxime"]
[Black "Pareux, Marc"]
[Result "0-1"]
[WhiteElo "1360"]
[BlackElo "1530"]
[PlyCount "62"]
[EventDate "1996.??.??"]

1. d4 Nf6 2. c4 c5 3. d5 b5 4. cxb5 a6 5. Nc3 axb5 6. e3 b4 7. Nb5 d6 8. a4
bxa3 9. Rxa3 Rxa3 10. bxa3 g6 11. Nf3 Ba6 12. a4 Bg7 13. Bb2 O-O 14. Bc4 Nbd7
15. O-O Nb6 16. Nd2 Nbxd5 17. Bxd5 Nxd5 18. Bxg7 Kxg7 19. Ne4 Nb4 20. Qa1+ Kg8
21. Rd1 Bxb5 22. axb5 Qb6 23. Nc3 e6 24. Ne4 Nd5 25. Qa6 Qxa6 26. bxa6 Ra8 27.
Ra1 Nb4 28. a7 c4 29. Nxd6 c3 30. Nb5 c2 31. Nc7 Rxa7 0-1

[Event "Open Loire"]
[Site "?"]
[Date "2001.04.21"]
[Round "4"]
[White "Reissier, Aymeric"]
[Black "Bazoux, Sebastien"]
[Result "1/2-1/2"]
[WhiteElo "1360"]
[BlackElo "1499"]
[PlyCount "77"]
[EventDate "1996.??.??"]

1. d4 Nf6 2. Nf3 g6 3. g3 Bg7 4. Bg2 O-O 5. b3 d6 6. Bb2 c5 7. e3 Nc6 8. c4
cxd4 9. Nxd4 Qd7 10. O-O Nxd4 11. Bxd4 a6 12. Nd2 Rb8 13. Qc2 b5 14. c5 dxc5
15. Qxc5 Bb7 16. Nf3 Rfc8 17. Ne5 Qc7 18. Bxb7 Qxb7 19. Qb4 Nd5 20. Qd2 Qc7 21.
Rac1 Qd6 22. Nf3 Bxd4 23. Qxd4 Rd8 24. Ne5 Rbc8 25. e4 Nb6 26. Qxd6 Rxd6 27.
Rxc8+ Nxc8 28. Rc1 Nb6 29. Rc6 Rxc6 30. Nxc6 Kf8 31. Kg2 Ke8 32. Kf3 Kf8 33.
Kf4 f6 34. h4 e5+ 35. Ke3 Kf7 36. f4 exf4+ 37. Kxf4 Ke6 38. Nd4+ Kd6 39. b4
1/2-1/2

[Event "Open Loire"]
[Site "?"]
[Date "2001.04.21"]
[Round "4"]
[White "Rengame, Mohane"]
[Black "Raymond, Andre"]
[Result "1/2-1/2"]
[WhiteElo "1400"]
[BlackElo "1490"]
[PlyCount "110"]
[EventDate "1996.??.??"]

1. e4 g6 2. d4 Bg7 3. Nf3 d6 4. Nc3 Nf6 5. h3 O-O 6. Bc4 Nc6 7. O-O Na5 8. Qe2
Nxc4 9. Qxc4 c6 10. d5 cxd5 11. exd5 a6 12. Qh4 Bf5 13. Qa4 Nd7 14. Be3 Ne5 15.
Nxe5 Bxe5 16. Qb3 Bxc3 17. Qxc3 Rc8 18. Qd4 f6 19. c3 b5 20. b3 e5 21. dxe6
Bxe6 22. Rad1 Rc6 23. Bc1 Qb6 24. Bb2 Qxd4 25. Rxd4 d5 26. Rfd1 Rd8 27. R1d2
Kf7 28. c4 bxc4 29. bxc4 Rcd6 30. Rf4 f5 31. Be5 R6d7 32. cxd5 Rxd5 33. Rxd5
Rxd5 34. Bc7 Rd1+ 35. Kh2 Ra1 36. a4 Bb3 37. a5 Ra4 38. Rxa4 Bxa4 39. Kg3 Bd1
40. Kf4 h6 41. h4 Ke6 42. f3 Be2 43. Bb6 Bf1 44. g4 fxg4 45. fxg4 h5 46. Kg5
hxg4 47. Kxg6 Bd3+ 48. Kg7 g3 49. h5 Kd6 50. h6 Kc6 51. h7 Bxh7 52. Kxh7 Kb5
53. Kg6 g2 54. Kg5 g1=Q+ 55. Bxg1 Kxa5 1/2-1/2

[Event "Open Loire"]
[Site "?"]
[Date "2001.04.21"]
[Round "4"]
[White "Bournez, Gerard"]
[Black "Gerey, Bernard"]
[Result "0-1"]
[WhiteElo "1470"]
[BlackElo "1240"]
[PlyCount "94"]
[EventDate "1996.??.??"]

1. e4 e6 2. d4 d5 3. e5 c5 4. Nf3 Nc6 5. c3 Nge7 6. dxc5 Ng6 7. Bb5 Bxc5 8. O-O
O-O 9. Be3 Bxe3 10. fxe3 Ncxe5 11. Nd4 Qb6 12. b3 a6 13. Bd3 Bd7 14. Bxg6 Nxg6
15. Qd2 e5 16. Ne2 Bc6 17. Na3 Rfd8 18. Nc2 Bb5 19. Rf2 a5 20. Raf1 Rd7 21. Kh1
Nh4 22. g3 Ng6 23. Rg1 Bc6 24. Ne1 d4+ 25. Ng2 dxe3 26. Qc1 exf2 27. Rf1 Rad8
28. c4 Qc5 29. Nc3 e4 30. h3 e3 31. Kh2 a4 32. Nxe3 Rd2 33. Ned1 Qf5 34. Nd5
Rc2 35. Qa1 Bd7 36. g4 Qd3 37. Rxf2 Rxf2+ 38. Nxf2 Qd2 39. Qf1 Bc6 40. bxa4
Bxd5 41. cxd5 Nf4 42. Kg3 g5 43. h4 Qe3+ 44. Kh2 gxh4 45. Qg1 Rxd5 46. Kh1 Ne2
47. Qg2 Rd2 0-1